|
|
|
|
| LEADER |
01245nam a2200337 a 4500 |
| 001 |
33698 |
| 003 |
BD-DhAAL |
| 005 |
20211116161521.0 |
| 008 |
180814t1995 nyu b 000 0 eng |
| 999 |
|
|
|c 39488
|d 39488
|
| 010 |
|
|
|a 95016720
|
| 020 |
|
|
|a 9780140245660
|
| 020 |
|
|
|a 0140245669 (pbk.)
|
| 040 |
|
|
|a DLC
|c DLC
|d DLC
|d BD-DhAAL
|
| 050 |
0 |
0 |
|a B802
|b .P59 1995
|
| 082 |
0 |
0 |
|a 940.253
|2 20
|
| 245 |
0 |
4 |
|a The portable Enlightenment reader /
|c edited and with an introduction by Isaac Kramnick.
|
| 246 |
1 |
8 |
|a Englightenment reader
|
| 260 |
|
|
|a New York :
|b Penguin Books,
|c c1995.
|
| 300 |
|
|
|a xxix, 670 pages ;
|c 20 cm.
|
| 440 |
|
4 |
|a The Viking portable library
|9 27979
|
| 504 |
|
|
|a Includes bibliographical references (pages xxv-xxviii).
|
| 526 |
|
|
|a ARC
|
| 541 |
|
|
|a Karim International
|e 33698
|
| 650 |
|
0 |
|a Enlightenment.
|9 27980
|
| 650 |
|
0 |
|a Philosophy, Modern
|y 18th century.
|9 27981
|
| 650 |
|
0 |
|a Architecture
|9 42746
|
| 700 |
1 |
|
|a Kramnick, Isaac.
|9 27982
|
| 852 |
|
|
|a Ayesha Abed Library
|c General Stacks
|
| 942 |
|
|
|2 ddc
|c BK
|
| 952 |
|
|
|0 0
|1 0
|2 ddc
|4 0
|6 940_253000000000000_POR
|7 0
|9 64252
|a BRACUL
|b BRACUL
|c GEN
|d 2018-08-09
|e Karim Intermational
|g 950.00
|l 3
|m 6
|o 940.253 POR
|p 3010033698
|r 2024-07-14
|s 2024-07-10
|t 1
|v 950.00
|w 2018-08-09
|y BK
|